[Event "AUTO-ADV-1749"]
[Site "http://www.queenalice.com/game.php?id=868386"]
[Date "2010.12.6"]
[Round "2"]
[White "thw"]
[Black "Thyba"]
[Result "0-1"]
[WhiteElo "1834"]
[BlackElo "2009"]

1. e4 c5 2. Nf3 Nc6 3. d4 cxd4 4. Nxd4 Nf6 5. Nc3 d6 6. Bg5 e6 7. Qd2 Be7 8.
O-O-O h6 9. Bxf6 Bxf6 10. Nxc6 bxc6 11. Qxd6 Qxd6 12. Rxd6 Bxc3 13. bxc3 Bb7 14.
Bc4 Rd8 15. Rxd8+ Kxd8 16. f3 Ke7 17. Rd1 c5 18. Bb3 Bc6 19. Kb2 Rb8 20. c4 Rf8
21. g4 f5 22. exf5 Bxf3 23. Re1 Rf6 24. h3 Kf7 25. Re3 Bg2 26. Rg3 Be4 27. fxe6+
Kxe6 28. g5 Rf3 29. Rxf3 Bxf3 30. gxh6 gxh6 31. Kc3 Kf5 32. Kd3 Bg2 33. h4 Kg4
34. Ke3 Kxh4 35. Kf4 Kh3 36. Ke5 h5 37. Kd6 h4 38. Kxc5 Kg3 0-1

[Event "AUTO-ADV-1749"]
[Site "http://www.queenalice.com/game.php?id=868387"]
[Date "2010.12.6"]
[Round "2"]
[White "Thyba"]
[Black "thw"]
[Result "1-0"]
[WhiteElo "1998"]
[BlackElo "1874"]

1. e4 e6 2. d4 d5 3. e5 c5 4. Be3 cxd4 5. Bxd4 Nc6 6. Bb5 Bd7 7. Ne2 Nxd4 8.
Bxd7+ Qxd7 9. Nxd4 Bc5 10. c3 Ne7 11. Qg4 O-O 12. O-O Ng6 13. Re1 Qc7 14. Qe2
Qb6 15. Nb3 Rac8 16. N1d2 d4 17. Ne4 Be7 18. cxd4 Rc7 19. Rac1 Rfc8 20. Rxc7
Rxc7 21. Qe3 Rc2 22. Rb1 Qc6 23. Nc3 Bb4 24. Na1 Bxc3 25. Nxc2 1-0

[Event "Ngas"]
[Site "http://www.queenalice.com/game.php?id=874650"]
[Date "2010.12.21"]
[Round "-"]
[White "Thyba"]
[Black "SGrillo"]
[Result "1-0"]
[WhiteElo "2021"]
[BlackElo "1765"]

1. d4 d5 2. c4 e6 3. Nf3 Bb4+ 4. Nc3 Bxc3+ 5. bxc3 h6 6. e4 Ne7 7. cxd5 exd5 8.
Bd3 O-O 9. O-O c6 10. a4 Bg4 11. Re1 Bxf3 12. Qxf3 Ng6 13. e5 Nd7 14. Qg4 Re8
15. Bxg6 fxg6 16. Qxg6 Nf8 17. Qg4 Re6 18. Re3 Rg6 19. Qh3 Qd7 20. Qxd7 Nxd7 21.
f4 Re6 22. f5 Re7 23. Ba3 Ree8 24. Rg3 Kh7 25. Rf1 b6 26. Rf4 c5 27. Rfg4 Rg8
28. Bc1 Nf8 29. Bxh6 Nd7 30. Bxg7 cxd4 31. Rh4# 1-0

[Event "AUTO-MASTER-1303"]
[Site "http://www.queenalice.com/game.php?id=876673"]
[Date "2010.12.25"]
[Round "1"]
[White "Thyba"]
[Black "TheWatcher"]
[Result "0-1"]
[WhiteElo "2027"]
[BlackElo "2072"]

1. e4 c5 2. f4 d5 3. exd5 Qxd5 4. Nc3 Qd8 5. Nf3 Nf6 6. Bc4 e6 7. O-O Nc6 8. b3
Be7 9. Bb2 O-O 10. Ne5 Nd5 11. Nxc6 bxc6 12. Ne4 f5 13. Nc3 Bf6 14. Qf3 Bb7 15.
Rae1 Bd4+ 16. Kh1 Qf6 17. a3 a5 18. Nxd5 exd5 19. c3 dxc4 20. bxc4 Rab8 21. cxd4
cxd4 22. Qf2 c5 23. Re5 Qb6 24. d3 Rf6 25. a4 Rg6 26. Rg1 Rg4 27. h3 Qh6 28. Bc1
Qxh3# 0-1

[Event "AUTO-MASTER-1303"]
[Site "http://www.queenalice.com/game.php?id=876674"]
[Date "2010.12.25"]
[Round "1"]
[White "TheWatcher"]
[Black "Thyba"]
[Result "1-0"]
[WhiteElo "2161"]
[BlackElo "2018"]

1. e4 e5 2. f4 d6 3. Nf3 exf4 4. d4 Nf6 5. Bxf4 Nxe4 6. Bd3 Bf5 7. O-O Be7 8.
Qe2 d5 9. c4 c6 10. Nbd2 Nxd2 11. Qxd2 Bxd3 12. Qxd3 O-O 13. Rae1 Bf6 14. Be5
Nd7 15. Bd6 Re8 16. b3 Be7 17. c5 Nf6 18. Bg3 Ne4 19. Bf4 b6 20. Ne5 Qc8 21. b4
bxc5 22. bxc5 f6 23. Nf3 Bd8 24. h3 Bc7 25. Nd2 Bxf4 26. Rxf4 Qc7 27. Rf3 Qa5
28. Rfe3 f5 29. Nxe4 Rxe4 30. Rf1 Rae8 31. Rg3 f4 32. Rg4 Rf8 33. Qb3 Qc7 34.
Rf3 Rxd4 35. h4 Qd7 36. Rg5 1-0

[Event "AUTO-MASTER-1303"]
[Site "http://www.queenalice.com/game.php?id=876675"]
[Date "2010.12.25"]
[Round "1"]
[White "Thyba"]
[Black "luismabibbo"]
[Result "1-0"]
[WhiteElo "2020"]
[BlackElo "1874"]

1. d4 e6 2. e4 d5 3. e5 c5 4. c3 c4 5. Nf3 Nc6 6. b3 b5 7. a4 Ba6 8. Nbd2 Na5 9.
axb5 Bxb5 10. bxc4 Nxc4 11. Nxc4 dxc4 12. Bxc4 Qb6 13. Rb1 a6 14. O-O Qc6 15.
Bxb5 axb5 16. Qd3 1-0

[Event "AUTO-MASTER-1303"]
[Site "http://www.queenalice.com/game.php?id=876676"]
[Date "2010.12.25"]
[Round "1"]
[White "luismabibbo"]
[Black "Thyba"]
[Result "0-1"]
[WhiteElo "1898"]
[BlackElo "2008"]

1. e4 c5 2. d3 Nc6 3. Nf3 d6 4. Bd2 Nf6 5. Be2 g6 6. O-O Bg7 7. Nc3 O-O 8. a3 a6
9. h3 b5 10. Qc1 Re8 11. Bh6 Bh8 12. Ng5 b4 0-1

[Event "AUTO-MASTER-1303"]
[Site "http://www.queenalice.com/game.php?id=876677"]
[Date "2010.12.25"]
[Round "1"]
[White "Thyba"]
[Black "Pato"]
[Result "0-1"]
[WhiteElo "2028"]
[BlackElo "2178"]

1. d4 Nf6 2. c4 e5 3. dxe5 Ng4 4. Nf3 Bc5 5. e3 Nc6 6. e6 fxe6 7. Nd4 Nf6 8.
Nxc6 bxc6 9. Nc3 d5 10. Be2 O-O 11. O-O e5 12. Qa4 Bd7 13. b4 Be7 14. Rd1 c5 15.
b5 d4 16. Bf3 dxc3 17. Bxa8 Qxa8 18. Qc2 Bd6 19. Qxc3 Ne4 20. Qd3 Nxf2 21. Qd5+
Qxd5 22. Rxd5 Be6 23. Rd2 Ng4 24. Rc2 e4 25. Bd2 Bxh2+ 26. Kh1 Bg3 27. a4 Rf6
28. Be1 Be5 29. Rd1 Nxe3 30. Rd8+ Kf7 31. Rf2 Nf5 32. Rc2 Nd4 0-1

[Event "AUTO-MASTER-1303"]
[Site "http://www.queenalice.com/game.php?id=876678"]
[Date "2010.12.25"]
[Round "1"]
[White "Pato"]
[Black "Thyba"]
[Result "1-0"]
[WhiteElo "2194"]
[BlackElo "2030"]

1. f4 d5 2. b3 c5 3. Bb2 Nf6 4. e3 Bf5 5. Bb5+ Nbd7 6. Nf3 a6 7. Be2 e6 8. O-O
Bd6 9. Ne5 O-O 10. d3 b5 11. Nd2 Qc7 12. Ndf3 Rab8 13. Nxd7 Nxd7 14. Qe1 e5 15.
Qg3 f6 16. Nh4 exf4 17. exf4 Be6 18. Rae1 d4 19. Bh5 Bd5 20. Nf5 Nb6 21. Re7
Qxe7 22. Nxe7+ Bxe7 23. f5 Rbc8 24. Bc1 Rfd8 25. Bh6 Bf8 26. Re1 Rd7 27. Re6
Bxe6 28. fxe6 Rb7 29. Bf7+ Kh8 30. h4 Nd5 31. Bd2 Ne7 32. h5 Nf5 33. Qf3 Nd6 34.
h6 Re7 35. hxg7+ Bxg7 36. Bh6 Nxf7 37. Bxg7+ Kxg7 38. exf7 Kxf7 39. Qf5 1-0

[Event "Bcas"]
[Site "http://www.queenalice.com/game.php?id=890468"]
[Date "2011.1.24"]
[Round "-"]
[White "SGrillo"]
[Black "Thyba"]
[Result "0-1"]
[WhiteElo "1802"]
[BlackElo "2021"]

1. e4 e5 2. Nf3 Nf6 3. d3 d5 4. Bg5 dxe4 5. Bxf6 Qxf6 6. dxe4 Bc5 7. Bc4 Bg4 8.
h3 Bxf3 9. Qxf3 Qxf3 10. gxf3 Nc6 11. c3 a6 12. Nd2 Rf8 13. Nb3 Bd6 14. O-O-O
O-O-O 15. Rhg1 g6 16. Kc2 Rde8 17. Nd2 Bc5 18. Rg2 f5 19. exf5 Rxf5 20. Ne4 Bb6
21. Nf6 Rxf6 22. Rd3 e4 23. fxe4 Ne5 24. Rd1 Nxc4 25. b3 Nd6 26. Rd2 Nxe4 27.
Re2 Rxf2 28. Rgxf2 Bxf2 29. Kd3 Nc5+ 30. Kd2 Rxe2+ 31. Kxe2 Bh4 32. c4 Kd7 0-1

[Event "Black"]
[Site "http://www.queenalice.com/game.php?id=895710"]
[Date "2011.2.4"]
[Round "-"]
[White "Thyba"]
[Black "SGrillo"]
[Result "1-0"]
[WhiteElo "2013"]
[BlackElo "1810"]

1. f4 d5 2. Nf3 Bg4 3. e3 Bxf3 4. Qxf3 e6 5. b3 Be7 6. Bb2 Bf6 7. Nc3 Nh6 8.
O-O-O O-O 9. g4 Bxc3 10. Bxc3 f5 11. g5 Ng4 12. h3 Nxe3 13. dxe3 Nc6 14. h4 g6
15. h5 Ne7 16. hxg6 Nxg6 17. Rxh7 Rf7 18. Qh5 Rxh7 19. Qxg6+ Rg7 20. Qxg7# 1-0

[Event "AUTO-MASTER-1372"]
[Site "http://www.queenalice.com/game.php?id=915787"]
[Date "2011.3.21"]
[Round "1"]
[White "Redtom"]
[Black "Thyba"]
[Result "1-0"]
[WhiteElo "1949"]
[BlackElo "1940"]

1. e4 e6 2. d4 d5 3. Nc3 Bb4 4. e5 Bxc3+ 5. bxc3 c5 6. Qg4 g6 7. Bg5 f6 8. Bb5+
Nc6 9. exf6 Nxf6 10. Nf3 O-O 11. Bxf6 Qxf6 12. Qg3 Ne7 13. O-O 1-0

[Event "AUTO-MASTER-1372"]
[Site "http://www.queenalice.com/game.php?id=915788"]
[Date "2011.3.21"]
[Round "1"]
[White "Thyba"]
[Black "Redtom"]
[Result "0-1"]
[WhiteElo "1957"]
[BlackElo "1932"]

1. e4 d5 2. exd5 Nf6 3. c4 e6 4. dxe6 Bxe6 5. d4 Bb4+ 6. Nc3 Qe7 7. Be3 O-O 8.
Bd3 Re8 9. h3 Bd7 10. Ne2 Nc6 11. O-O Rad8 12. a3 Bxc3 0-1

[Event "AUTO-MASTER-1372"]
[Site "http://www.queenalice.com/game.php?id=915815"]
[Date "2011.3.21"]
[Round "1"]
[White "Thyba"]
[Black "pista2010"]
[Result "0-1"]
[WhiteElo "1973"]
[BlackElo "2163"]

1. d4 Nf6 2. c4 e5 3. dxe5 Ng4 4. Nf3 d6 5. exd6 Bxd6 6. Nc3 Nc6 7. h3 Nge5 8.
Nxe5 Nxe5 9. e3 O-O 10. Be2 Qg5 11. Bf3 Nxc4 12. Bd5 Nb6 13. Qf3 Nxd5 14. Nxd5
Qe5 15. Nc3 a6 0-1

[Event "AUTO-MASTER-1372"]
[Site "http://www.queenalice.com/game.php?id=915816"]
[Date "2011.3.21"]
[Round "1"]
[White "pista2010"]
[Black "Thyba"]
[Result "1-0"]
[WhiteElo "2169"]
[BlackElo "1965"]

1. d4 Nf6 2. Nf3 g6 3. c4 Bg7 4. Nc3 O-O 5. e4 d6 6. Be2 Re8 7. O-O Nbd7 8. h3
e5 9. d5 Nc5 10. Bg5 h6 11. Bxf6 Bxf6 12. b4 Nd7 13. Nh2 Bg7 14. Rc1 Nf6 15. c5
Bf8 16. Bb5 1-0